The Life of a Showgirl - Taylor Swift - All Tracks - Statistics

General Stats
  • This quiz has been taken 707 times
  • The average score is 11 of 12
Answer Stats
Hint Answer % Correct
1. The Fate of Ophelia
98%
12. The Life of a Showgirl (feat. Sabrina Carpenter)
96%
3. Opalite
95%
9. Wood
94%
2. Elizabeth Taylor
90%
10. CANCELLED!
88%
5. Eldest Daughter
87%
4. Father Figure
87%
11. Honey
83%
8. Wi$h Li$t
83%
7. Actually Romantic
81%
6. Ruin the Friendship
77%
No matching quizzes found
Score Distribution
Percent of People with Each Score
Percentile by Number Answered
Your Score History
You have not taken this quiz